01079cam a22002771 4500001001300000003000400013005001700017008004100034010001700075035002000092040001700112041001100129042001200140050001400152100001700166245018200183260003300365300005500398500004400453500010900497650003300606650004600639740006500685740003400750999001700784sa 68011847 DLC20260227112605.0860317q19501959io c d 000 0 ind  asa 68011847  a(OCoLC)13302487 aDLCcCUdDLC0 aindlat apremarc00aQK9b.L281 aLatif, S. M.10aNomenklatur anggerik merangkap siklopedia penghimpun-penghimpun dibidang botani umumnja dibidang orchidologi chususnja terutama dalam wilajah Asia Tenggara.cSusunan S.M. Latif. aDjakarta,bSaksama,c[195-?] a179 p. (p. 177-179 advertisements)bports.c22 cm. aAt head of title: Perusateraan biologi. aCover title: Tafsir nomenklatur anggerik dan siklopedia penghimpun-penghimpun anggerik di Asia Tenggara. 0aBotanyxDictionariesxLatin. 0aLatin languagexDictionariesxIndonesian.0 aSiklopedia penghimpun-penghimkpun anggerik di Asia Tenggara.0 aTafsir nomencklatur anggerik. c84146d84146